[Event "Passau op 6th"]
[Site "Passau"]
[Date "1998.04.12"]
[Round "5"]
[White "Stutzke, Christian"]
[Black "Brenneis, Gerhard"]
[Result "0-1"]
[WhiteElo "1700"]
[BlackElo "1862"]
[PlyCount "74"]
[EventDate "1998.04.10"]
[EventType "swiss"]
[EventRounds "7"]
[EventCountry "GER"]
[SourceTitle "EXT 1999"]
[Source "ChessBase"]
[SourceDate "1998.11.16"]
[SourceVersion "1"]
[SourceVersionDate "1998.11.16"]
[SourceQuality "1"]

1. d4 e6 2. Nf3 f5 3. g3 Nf6 4. Bg2 d5 5. b3 Be7 6. 0-0 c6 7. c4 0-0 8. Ba3 Bxa3 9. Nxa3 Ne4 10. Nc2 Rf6 11. Nce1 Rh6 12. Nd3 Qe8 13. Nde5 g5 14. Qc1 Qh5 15. Re1 Nd7 16. Qa3 Nxe5 17. dxe5 Qf7 18. Qc1 Qg7 19. b4 Bd7 20. a4 Rf8 21. Rf1 f4 22. g4 Rg6 23. Rd1 h5 24. h3 hxg4 25. hxg4 Rh6 26. e3 Qh7 27. Ra3 Kg7 28. Rd4 Rh8 29. Kf1 Rh1+ 30. Bxh1 Qxh1+ 31. Ng1 f3 32. Rxe4 dxe4 33. Qd1 Qg2+ 34. Ke1 Qxg1+ 35. Kd2 Qxd1+ 36. Kxd1 Rh1+ 37. Kd2 Rf1 0-1